[Event "ch-Paris op C"]
[Site "Paris (Halle Carpentier)"]
[Date "2008.06.30"]
[Round "3.12"]
[White "Baldi, Valentine"]
[Black "Nadarajah, Piruntha"]
[Result "1-0"]
[WhiteElo "1480"]
[BlackElo "1380"]
[PlyCount "65"]
[EventDate "2008.06.28"]

1. d4 d5 2. c4 e6 3. Nc3 Nf6 4. Nf3 Bb4 5. e3 Nc6 6. Bd3 O-O 7. O-O Re8 8. a3
Bxc3 9. bxc3 dxc4 10. Bxc4 Bd7 11. Rb1 b6 12. Re1 e5 13. Bd3 e4 14. Bb5 exf3
15. Qxf3 Na5 16. Bd3 Bg4 17. Qf4 Qd6 18. Qg5 Bd7 19. e4 Qe7 20. Qh4 g6 21. Bg5
Qxa3 22. Bxf6 h5 23. d5 c6 24. Qg5 Qf8 25. Be5 Kh7 26. Be2 Qe7 27. Qxe7 Rxe7
28. f4 cxd5 29. exd5 a6 30. Rxb6 Bc8 31. Bf3 Raa7 32. Rb8 Bb7 33. Rh8# 1-0

[Event "ch-Paris op C"]
[Site "Paris (Halle Carpentier)"]
[Date "2008.06.30"]
[Round "3.13"]
[White "Vega-Ritter, Isabelle"]
[Black "Fraval, Julie"]
[Result "1/2-1/2"]
[WhiteElo "1469"]
[BlackElo "1320"]
[PlyCount "73"]
[EventDate "2008.06.28"]

1. d4 d5 2. Nf3 Nc6 3. e3 Bg4 4. Bd3 Bxf3 5. Qxf3 Qd7 6. Nd2 O-O-O 7. c3 Nf6 8.
O-O h5 9. e4 e5 10. exd5 Nxd5 11. Bf5 e4 12. Bxd7+ Rxd7 13. Nxe4 g6 14. Bg5 f6
15. Nxf6 Nxf6 16. Bxf6 Rhh7 17. Qe4 Rhf7 18. Qe8+ Nd8 19. Bxd8 b6 20. Be7+ Kb7
21. Qxd7 Bxe7 22. Qd5+ Ka6 23. Qxf7 Bd6 24. Qxg6 h4 25. Qd3+ Kb7 26. b4 Kc8 27.
a4 Kd7 28. Qh7+ Kc8 29. Qxh4 Kb7 30. a5 b5 31. Qe4+ Kc8 32. Qe8+ Kb7 33. Qxb5+
Kc8 34. a6 Kd8 35. Rae1 c6 36. Qxc6 Bxh2+ 37. Kxh2 1/2-1/2

[Event "ch-Paris op C"]
[Site "Paris (Halle Carpentier)"]
[Date "2008.06.30"]
[Round "3.14"]
[White "Terradot, Francois"]
[Black "Savadoux, Valentin"]
[Result "1-0"]
[WhiteElo "1420"]
[BlackElo "1140"]
[PlyCount "135"]
[EventDate "2008.06.28"]

1. d4 d6 2. c4 Nf6 3. Nc3 g6 4. Nf3 Bg7 5. Bg5 O-O 6. e3 c6 7. Bd3 Nbd7 8. O-O
e5 9. Re1 a6 10. d5 Re8 11. e4 Qb6 12. b3 h6 13. Be3 Qd8 14. Qd2 Kh7 15. h3 Nh5
16. Kf1 Nf4 17. Bxf4 exf4 18. Qxf4 Bxc3 19. Qxf7+ Kh8 20. Qxg6 Nf6 21. Qxh6+
Nh7 22. e5 Re7 23. Ng5 Qg8 24. Nxh7 Rxh7 25. Bxh7 Qxh7 26. Qxh7+ Kxh7 27. e6
Bxa1 28. Rxa1 cxd5 29. cxd5 b5 30. Re1 a5 31. f4 Kg6 32. g4 Kf6 33. f5 b4 34.
h4 Ba6+ 35. Kf2 Bd3 36. e7 Re8 37. Re6+ Kf7 38. Ke1 Bb1 39. Re2 Bd3 40. Re3 Bb1
41. h5 Rxe7 42. Rxe7+ Kxe7 43. Kd2 Be4 44. Ke3 Bxd5 45. g5 Bf7 46. g6 Bxg6 47.
fxg6 Kf6 48. Kd4 Kg5 49. Kd5 Kxh5 50. Kxd6 Kxg6 51. Kc6 Kf5 52. Kb5 Ke5 53.
Kxa5 Kd5 54. Kxb4 Kc6 55. a4 Kb6 56. a5+ Ka6 57. Ka4 Kb7 58. Kb5 Ka7 59. a6 Kb8
60. b4 Ka7 61. Ka5 Kb8 62. b5 Ka7 63. b6+ Ka8 64. b7+ Ka7 65. Kb4 Kb8 66. Kc5
Kc7 67. Kd5 Kb6 68. b8=Q+ 1-0

[Event "ch-Paris op C"]
[Site "Paris (Halle Carpentier)"]
[Date "2008.06.30"]
[Round "3.17"]
[White "Lutard, Florian"]
[Black "Keller, Jean"]
[Result "1/2-1/2"]
[WhiteElo "1370"]
[BlackElo "1499"]
[PlyCount "85"]
[EventDate "2008.06.28"]

1. d4 Nf6 2. c4 e6 3. Nc3 Bb4 4. Bd2 Be7 5. Nf3 b6 6. e3 Bb7 7. Bd3 d5 8. O-O
Nbd7 9. Re1 c5 10. e4 cxd4 11. Nxd4 dxc4 12. Bxc4 Rc8 13. Bb5 a6 14. Bd3 O-O
15. e5 Nd5 16. Nxd5 Bxd5 17. Qg4 Kh8 18. Qh5 g6 19. Qg4 b5 20. Bh6 Rg8 21. Qf4
Bf8 22. Bg5 Be7 23. Bxe7 Qxe7 24. Rac1 Nc5 25. Bc2 Bxa2 26. b3 Bxb3 27. Nxb3
Rc7 28. Qf6+ Qxf6 29. exf6 Rgc8 30. Ra1 Na4 31. Nd4 Rc4 32. Bxa4 bxa4 33. Nxe6
fxe6 34. h3 R8c6 35. Red1 Kg8 36. Rd7 e5 37. Rb1 Rxf6 38. Rb8+ Rf8 39. Rbb7
Rfc8 40. Rxh7 a3 41. Rbg7+ Kf8 42. Rf7+ Ke8 43. Re7+ 1/2-1/2

[Event "ch-Paris op C"]
[Site "Paris (Halle Carpentier)"]
[Date "2008.06.30"]
[Round "3.18"]
[White "Portier, Pierre"]
[Black "Combet, Pierre"]
[Result "1-0"]
[WhiteElo "1499"]
[BlackElo "1370"]
[PlyCount "97"]
[EventDate "2008.06.28"]

1. e4 d5 2. exd5 Qxd5 3. Nc3 Qd8 4. d4 Nf6 5. Nf3 Bg4 6. Be2 e6 7. O-O Be7 8.
h3 Bxf3 9. Bxf3 c6 10. Re1 O-O 11. Bg5 h6 12. Bh4 Na6 13. Bg3 Qd7 14. a3 Rad8
15. Be5 Nd5 16. Nxd5 cxd5 17. c3 f5 18. Qd2 Bg5 19. Qd3 Qf7 20. Qe2 Rde8 21.
Bd6 Be7 22. Bf4 Bg5 23. Be5 Qe7 24. c4 Nc7 25. c5 Qd7 26. Bd6 Be7 27. Bh5 Rd8
28. Be5 Ne8 29. b4 Nf6 30. Rac1 Nxh5 31. Qxh5 Bf6 32. Qe2 Bxe5 33. Qxe5 Rf6 34.
f4 Rdf8 35. Ra1 g5 36. Rf1 gxf4 37. Rxf4 Qg7 38. Raf1 Kh7 39. R4f2 Rg8 40. b5
h5 41. h4 Qf7 42. a4 Rg7 43. Qe2 Rg3 44. Rf3 f4 45. Rxg3 fxg3 46. Rxf6 Qxf6 47.
Qxh5+ Qh6 48. Qxh6+ Kxh6 49. c6 1-0

[Event "ch-Paris op C"]
[Site "Paris (Halle Carpentier)"]
[Date "2008.06.30"]
[Round "3.19"]
[White "Siaugues, Jean-Claude"]
[Black "Samy, Valerie"]
[Result "0-1"]
[WhiteElo "1370"]
[BlackElo "1499"]
[PlyCount "58"]
[EventDate "2008.06.28"]

1. d4 d5 2. Nf3 Nf6 3. e3 Bf5 4. Bd3 Qd7 5. Ne5 Qe6 6. c3 Bxd3 7. Qxd3 Nc6 8.
Qb5 Qc8 9. Nxc6 bxc6 10. Qxc6+ Kd8 11. Nd2 e6 12. Nf3 Bd6 13. O-O Rb8 14. Ne5
Bxe5 15. dxe5 Ng4 16. f4 h5 17. h3 Ke7 18. Qc5+ Ke8 19. Qxa7 Qd8 20. b3 Kf8 21.
Qc5+ Kg8 22. hxg4 hxg4 23. g3 Rh3 24. Kg2 g6 25. Ba3 Qd7 26. Qe7 Qb5 27. Bb4
Qe2+ 28. Rf2 Qxe3 29. Rff1 Qxg3# 0-1

[Event "ch-Paris op C"]
[Site "Paris (Halle Carpentier)"]
[Date "2008.06.30"]
[Round "3.20"]
[White "Vallobra, Thierry"]
[Black "Morgan, Jacques"]
[Result "0-1"]
[WhiteElo "1499"]
[BlackElo "1370"]
[PlyCount "56"]
[EventDate "2008.06.28"]

1. d4 d5 2. c4 c6 3. e3 e6 4. Nf3 Nf6 5. Nc3 Bb4 6. Bd2 Nbd7 7. Bd3 dxc4 8.
Bxc4 b5 9. Bd3 a6 10. Qc2 c5 11. dxc5 Nxc5 12. Ne4 Nxd3+ 13. Ke2 Bxd2 14. Nexd2
Nb4 15. Qc5 Nbd5 16. Rad1 Qb6 17. Qa3 b4 18. Qb3 O-O 19. e4 Nf4+ 20. Kf1 Ng4
21. Qe3 Nxe3+ 22. fxe3 Qxe3 23. Re1 Qd3+ 24. Kf2 Qd7 25. Nc4 Nd3+ 26. Ke2 Nxe1
27. Nb6 Qb5+ 28. Kxe1 Qxb6 0-1

[Event "ch-Paris op C"]
[Site "Paris (Halle Carpentier)"]
[Date "2008.06.30"]
[Round "3.21"]
[White "Hargoues-Turon, Emile"]
[Black "Jacquet, Dominique"]
[Result "1-0"]
[WhiteElo "1350"]
[BlackElo "1480"]
[PlyCount "67"]
[EventDate "2008.06.28"]

1. d4 d5 2. Nf3 e6 3. e3 c5 4. c3 Nf6 5. Bd3 Nc6 6. dxc5 Bxc5 7. O-O a5 8. Nbd2
O-O 9. Bc2 Rb8 10. a4 b6 11. Nb3 Re8 12. Re1 e5 13. Nxc5 bxc5 14. h3 e4 15. Nh2
Re5 16. b3 Rg5 17. Kh1 Ne7 18. f4 Rh5 19. Bxe4 Qd6 20. Bf3 Rh4 21. e4 Qb6 22.
Rb1 dxe4 23. Bxe4 Nxe4 24. Rxe4 Be6 25. Qe1 Nf5 26. c4 Rd8 27. Nf3 Rh6 28. Kh2
Kf8 29. Bd2 Qd6 30. g4 Nd4 31. Nxd4 cxd4 32. Kg2 g6 33. f5 gxf5 34. Bxh6+ 1-0

[Event "ch-Paris op C"]
[Site "Paris (Halle Carpentier)"]
[Date "2008.06.30"]
[Round "3.22"]
[White "Martin, Madge"]
[Black "Spassky, Daniel"]
[Result "1-0"]
[WhiteElo "1480"]
[BlackElo "1370"]
[PlyCount "47"]
[EventDate "2008.06.28"]

1. e4 Nf6 2. Nc3 e6 3. d4 Bb4 4. Bd3 O-O 5. Nf3 d5 6. e5 Ne4 7. Bd2 c5 8. O-O
Nc6 9. Nxe4 dxe4 10. Bxe4 Nxd4 11. Bxb4 Nxf3+ 12. Qxf3 cxb4 13. Rfd1 Qb6 14.
Qh3 f5 15. exf6 h6 16. Rd3 e5 17. Qh4 Rxf6 18. Rad1 Bf5 19. Bxf5 Rxf5 20. Rd8+
Rxd8 21. Rxd8+ Rf8 22. Qc4+ Kh7 23. Rxf8 Qg6 24. Qg8# 1-0

[Event "ch-Paris op C"]
[Site "Paris (Halle Carpentier)"]
[Date "2008.06.30"]
[Round "3.31"]
[White "Bouriot, Florence"]
[Black "Leconte, Nicolas"]
[Result "1-0"]
[WhiteElo "1280"]
[BlackElo "1410"]
[PlyCount "65"]
[EventDate "2008.06.28"]

1. d4 d5 2. Nf3 Nf6 3. e3 Nc6 4. Bd3 Bg4 5. Nbd2 e5 6. dxe5 Nxe5 7. O-O Ne4 8.
Be2 f6 9. Nxe4 dxe4 10. Nxe5 Bxe2 11. Qxe2 fxe5 12. Rd1 Qg5 13. Qb5+ Kf7 14.
Qxb7 Rd8 15. Qxc7+ Qe7 16. Qxd8 Qxd8 17. Rxd8 g5 18. c4 Rg8 19. Rb1 Rg6 20. b4
Be7 21. Rd7 Ke8 22. Rxa7 Bd8 23. Bb2 Re6 24. Rd1 Be7 25. b5 Bc5 26. Ra6 Re7 27.
Ba3 Bxa3 28. Rxa3 Rc7 29. Ra4 h5 30. b6 Rb7 31. c5 Kf7 32. Ra7 Rxa7 33. bxa7
1-0

[Event "ch-Paris op C"]
[Site "Paris (Halle Carpentier)"]
[Date "2008.06.30"]
[Round "3.32"]
[White "Azouni, Anais"]
[Black "Martin, Didier"]
[Result "0-1"]
[WhiteElo "1250"]
[BlackElo "1400"]
[PlyCount "34"]
[EventDate "2008.06.28"]

1. e4 e5 2. Nf3 Nc6 3. Bb5 d6 4. O-O Nf6 5. Nc3 Bd7 6. d3 a6 7. Ba4 Be7 8. Bg5
O-O 9. Nd5 Nxd5 10. Bxe7 Ndxe7 11. Ng5 h6 12. Nf3 Ng6 13. g3 Bg4 14. Qe2 Nd4
15. Qe3 Bxf3 16. c3 Ne2+ 17. Qxe2 Bxe2 0-1

[Event "ch-Paris op C"]
[Site "Paris (Halle Carpentier)"]
[Date "2008.06.30"]
[Round "3.37"]
[White "Roque, Gaetan"]
[Black "Banat, Samy"]
[Result "1-0"]
[WhiteElo "1380"]
[BlackElo "1010"]
[PlyCount "49"]
[EventDate "2008.06.28"]

1. e4 e6 2. d4 d5 3. e5 Nc6 4. Nf3 f6 5. Be3 Be7 6. Bb5 a6 7. Bxc6+ bxc6 8. Nc3
Bd7 9. Qd2 Nh6 10. Bxh6 gxh6 11. Qxh6 Kf7 12. O-O-O Qf8 13. Qh5+ Kg7 14. g4 Be8
15. exf6+ Qxf6 16. Qh3 Rb8 17. g5 Qf5 18. Qh6+ Kg8 19. Nh4 Qf4+ 20. Kb1 Bf8 21.
Qxe6+ Bf7 22. Qf6 Qg4 23. Nf5 Ba3 24. Nh6+ Kf8 25. Qxf7# 1-0

[Event "ch-Paris op C"]
[Site "Paris (Halle Carpentier)"]
[Date "2008.06.30"]
[Round "3.45"]
[White "Boudia, Rayan"]
[Black "Le Cour, Hugo"]
[Result "1-0"]
[WhiteElo "1430"]
[BlackElo "1130"]
[PlyCount "75"]
[EventDate "2008.06.28"]

1. d4 d5 2. c4 e6 3. Nc3 Nf6 4. Bg5 Be7 5. f3 O-O 6. Bxf6 Bxf6 7. e4 dxe4 8.
fxe4 Bxd4 9. Nf3 Bxc3+ 10. bxc3 Nc6 11. Qxd8 Rxd8 12. Be2 e5 13. O-O Be6 14.
Rab1 Rab8 15. Rb5 a6 16. Rb2 Na5 17. Nxe5 f6 18. Nf3 Bxc4 19. e5 Bxe2 20. Rxe2
Re8 21. e6 Kf8 22. Nd4 c5 23. Nf5 Kg8 24. e7 Nc6 25. Nd6 Rxe7 26. Rfe1 Rxe2 27.
Rxe2 Kf8 28. Rb2 Ne5 29. Rxb7 Rd8 30. Nf5 Rd1+ 31. Kf2 Rd2+ 32. Ke3 Rd8 33.
Nxg7 Rd3+ 34. Ke4 Rxc3 35. Kf5 Nf7 36. Ne6+ Ke8 37. Kxf6 Nd6 38. Re7# 1-0

[Event "ch-Paris op C"]
[Site "Paris (Halle Carpentier)"]
[Date "2008.06.30"]
[Round "3.50"]
[White "Vallipuram, Tarujan"]
[Black "Le Cour, Valentin"]
[Result "1-0"]
[WhiteElo "1280"]
[BlackElo "1020"]
[PlyCount "47"]
[EventDate "2008.06.28"]

1. e4 Nc6 2. Bc4 e6 3. Nf3 d5 4. O-O dxc4 5. Nc3 Nd4 6. Nxd4 Qxd4 7. Nb5 Qd7 8.
a4 c6 9. Na3 Qd4 10. c3 Qd3 11. Nc2 Bc5 12. Nb4 Bxf2+ 13. Rxf2 Qxe4 14. d3 cxd3
15. Nxd3 Nf6 16. Nc5 Qg6 17. Rd2 O-O 18. Rd8 Qf5 19. Rxf8+ Kxf8 20. Qd8+ Ne8
21. Bg5 Qxc5+ 22. Kh1 Qc4 23. Be7+ Kg8 24. Qxe8# 1-0

[Event "ch-Paris op C"]
[Site "Paris (Halle Carpentier)"]
[Date "2008.07.01"]
[Round "4.1"]
[White "Valencia, Gabriel"]
[Black "Hermez, Mohammed"]
[Result "1-0"]
[WhiteElo "1499"]
[BlackElo "1400"]
[PlyCount "45"]
[EventDate "2008.06.28"]

1. d4 e6 2. c4 d5 3. Nf3 c5 4. cxd5 exd5 5. Nc3 Nf6 6. Bg5 Be6 7. e3 Be7 8.
Bb5+ Nfd7 9. Bxe7 Qxe7 10. dxc5 Qxc5 11. Ne5 Qd6 12. Nxd7 Nxd7 13. O-O O-O 14.
Bxd7 Qxd7 15. Ne2 f5 16. Rc1 b6 17. Qd4 Qb5 18. Nf4 Bf7 19. Rc7 Rac8 20. Nh5
Qxb2 21. Qxb2 d4 22. Qxd4 Rxc7 23. Qxg7# 1-0

[Event "ch-Paris op C"]
[Site "Paris (Halle Carpentier)"]
[Date "2008.07.01"]
[Round "4.2"]
[White "Segarra, Rene"]
[Black "Trocme, Jacques"]
[Result "1/2-1/2"]
[WhiteElo "1380"]
[BlackElo "1480"]
[PlyCount "118"]
[EventDate "2008.06.28"]

1. f4 Nf6 2. Nf3 d6 3. e3 a6 4. Be2 g6 5. c3 Bg7 6. d4 b6 7. O-O Bb7 8. Bd3
Nbd7 9. Qe2 c5 10. Bd2 b5 11. h3 c4 12. Bc2 d5 13. Be1 Ne4 14. Nbd2 f5 15. Nxe4
fxe4 16. Ne5 e6 17. Qg4 Qe7 18. Nxd7 Kxd7 19. Bh4 Bf6 20. Bxf6 Qxf6 21. Qg5
Raf8 22. Qg3 h5 23. Qe1 Qg7 24. Qh4 Rf5 25. Rf2 g5 26. fxg5 Rxf2 27. Qxf2 Qxg5
28. Rf1 Rg8 29. Bd1 Kd6 30. Qf4+ Qxf4 31. Rxf4 a5 32. Bxh5 Bc8 33. Bg4 Bd7 34.
Rf7 Rb8 35. a3 b4 36. axb4 axb4 37. Rf2 bxc3 38. bxc3 Ba4 39. Rf1 Rb2 40. Rc1
Rd2 41. h4 Rd3 42. Kf2 Rd2+ 43. Be2 Be8 44. Ke1 Rb2 45. g4 Rb7 46. Kf2 e5 47.
Bd1 exd4 48. exd4 Rh7 49. h5 Ke6 50. Kg3 Kf6 51. Kf4 Rf7 52. Kg3 Kg5 53. Be2 e3
54. Bf3 Bc6 55. Re1 Re7 56. Be2 Rf7 57. Bf3 Re7 58. Re2 Re6 59. Rh2 Rh6 1/2-1/2

[Event "ch-Paris op C"]
[Site "Paris (Halle Carpentier)"]
[Date "2008.07.01"]
[Round "4.3"]
[White "Pallandre, Christian"]
[Black "Benhaim, Louis"]
[Result "1-0"]
[WhiteElo "1440"]
[BlackElo "1340"]
[PlyCount "89"]
[EventDate "2008.06.28"]

1. d4 Nf6 2. Nf3 g6 3. Bf4 Bg7 4. Nbd2 d5 5. h3 O-O 6. e3 a5 7. c4 e6 8. Ne5
Nc6 9. Ndf3 Nd7 10. Nxc6 bxc6 11. c5 Re8 12. Ne5 f6 13. Nxc6 e5 14. Nxd8 exf4
15. Nc6 fxe3 16. fxe3 Rxe3+ 17. Be2 Ba6 18. Kf2 Bh6 19. Bxa6 Rxa6 20. Re1 Rxe1
21. Qxe1 Rxc6 22. Qe8+ Bf8 23. Qxd7 Ra6 24. Qxd5+ Kh8 25. Qf7 Ra8 26. Re1 Rb8
27. b3 h5 28. Re8 Rxe8 29. Qxe8 Kg7 30. Qd7+ Kh6 31. Qxc7 Bg7 32. c6 f5 33.
Qxg7+ Kxg7 34. c7 Kf6 35. c8=Q Kg5 36. Qd8+ Kh6 37. Qxa5 g5 38. Qxf5 g4 39.
hxg4 hxg4 40. Qxg4 Kh7 41. Kf3 Kh8 42. Kf4 Kh7 43. Kf5 Kh8 44. Kf6 Kh7 45. Qg7#
1-0

[Event "ch-Paris op C"]
[Site "Paris (Halle Carpentier)"]
[Date "2008.07.01"]
[Round "4.4"]
[White "Puyo, Elisabeth"]
[Black "Pierre, Laurent"]
[Result "1/2-1/2"]
[WhiteElo "1300"]
[BlackElo "1440"]
[PlyCount "67"]
[EventDate "2008.06.28"]

1. e4 e5 2. Nf3 Nc6 3. Bc4 h6 4. O-O Nf6 5. Re1 Bc5 6. Nc3 a6 7. d4 Bxd4 8.
Nxd4 Nxd4 9. Be3 c5 10. Bxd4 cxd4 11. Nd5 d6 12. c3 dxc3 13. Nxc3 b5 14. Bd5
Nxd5 15. Nxd5 Bb7 16. Rc1 Rc8 17. Qg4 Rxc1 18. Rxc1 O-O 19. Ne3 g6 20. Nf5 Kh7
21. Ne3 h5 22. Qf3 Qa8 23. Nd5 Bxd5 24. exd5 Kg7 25. Rc6 Rc8 26. h3 Rxc6 27.
dxc6 Qd8 28. Qa3 a5 29. b4 a4 30. Qd3 Qb8 31. Qc3 Qc7 32. Qf3 Kf8 33. Qd5 Qb8
34. a3 1/2-1/2

[Event "ch-Paris op C"]
[Site "Paris (Halle Carpentier)"]
[Date "2008.07.01"]
[Round "4.5"]
[White "Larue, Daniel"]
[Black "Fattaccini, Paul-Andre"]
[Result "1-0"]
[WhiteElo "1399"]
[BlackElo "1499"]
[PlyCount "55"]
[EventDate "2008.06.28"]

1. e4 Nf6 2. e5 Nd5 3. d4 d6 4. Nf3 e6 5. c4 Nb6 6. Nc3 d5 7. c5 N6d7 8. Bg5
Be7 9. Be3 f6 10. exf6 Bxf6 11. Bd3 b6 12. Ne5 Nxe5 13. dxe5 Be7 14. Qh5+ Kd7
15. O-O-O g6 16. Qg4 Kc6 17. Qa4+ Kb7 18. c6+ Nxc6 19. Ba6+ Kb8 20. Bxc8 Qxc8
21. Qxc6 h6 22. Nb5 Bd8 23. Nd4 Qa6 24. Kb1 g5 25. Nxe6 Rg8 26. Rxd5 Qc8 27.
Rhd1 Be7 28. Rd7 1-0

[Event "ch-Paris op C"]
[Site "Paris (Halle Carpentier)"]
[Date "2008.07.01"]
[Round "4.6"]
[White "Etienne, Yannick"]
[Black "Hassanaly, Ikbal"]
[Result "0-1"]
[WhiteElo "1190"]
[BlackElo "1490"]
[PlyCount "62"]
[EventDate "2008.06.28"]

1. e4 d5 2. exd5 Qxd5 3. Nc3 Qa5 4. d4 Nf6 5. f3 Bf5 6. Bd3 Bd7 7. Nge2 e5 8.
dxe5 Qxe5 9. O-O Bd6 10. Ng3 O-O 11. Bd2 Qc5+ 12. Kh1 Nc6 13. Nce4 Nxe4 14.
Bxe4 f5 15. Bd3 Ne5 16. Be2 Nc4 17. Bc1 Ne3 18. Bxe3 Qxe3 19. c3 Kh8 20. Qc2
Qh6 21. Kg1 a6 22. b4 Bb5 23. Bxb5 axb5 24. a4 bxa4 25. Rxa4 Rad8 26. Rfa1 Bxg3
27. hxg3 Rd2 28. Qb3 Qg6 29. Kh2 f4 30. g4 h5 31. gxh5 Qg3+ 0-1

[Event "ch-Paris op C"]
[Site "Paris (Halle Carpentier)"]
[Date "2008.07.01"]
[Round "4.7"]
[White "Sriskantharajah, Niroshan"]
[Black "Baldi, Valentine"]
[Result "0-1"]
[WhiteElo "1370"]
[BlackElo "1480"]
[PlyCount "94"]
[EventDate "2008.06.28"]

1. e4 c6 2. d4 d5 3. e5 Bf5 4. c4 e6 5. a3 dxc4 6. Bxc4 b5 7. Bb3 Ne7 8. Nf3
Nd5 9. Bc2 Bxc2 10. Qxc2 Qc7 11. Nc3 Nxc3 12. bxc3 Be7 13. O-O O-O 14. Ng5 Bxg5
15. Bxg5 h6 16. Be3 Nd7 17. Rac1 Nb6 18. Qb2 Nc4 19. Qa2 Qa5 20. a4 Qxa4 21.
Qc2 Qxc2 22. Rxc2 a5 23. Bf4 a4 24. Ra1 f6 25. f3 g5 26. Bg3 fxe5 27. Bxe5 Ne3
28. Re2 Nc4 29. Bg3 Rfe8 30. h4 Kf7 31. Kh2 gxh4 32. Bxh4 e5 33. Re4 a3 34. Bf2
exd4 35. Bxd4 Rxe4 36. fxe4 a2 37. g4 Nd2 38. c4 Nf3+ 39. Kg3 Nxd4 40. cxb5
cxb5 41. Kf4 Nb3 42. Rd1 a1=Q 43. Rd7+ Ke6 44. Rd5 Rf8+ 45. Kg3 Qg1+ 46. Kh3
Rf3+ 47. Kh4 Qh2# 0-1

[Event "ch-Paris op C"]
[Site "Paris (Halle Carpentier)"]
[Date "2008.07.01"]
[Round "4.8"]
[White "Samy, Valerie"]
[Black "Terradot, Francois"]
[Result "0-1"]
[WhiteElo "1499"]
[BlackElo "1420"]
[PlyCount "102"]
[EventDate "2008.06.28"]

1. e4 c5 2. Bc4 d6 3. Nf3 Nc6 4. c3 Nf6 5. d3 Bg4 6. Nbd2 g6 7. Qa4 a6 8. Ng5
e6 9. Qc2 Bg7 10. b4 Rc8 11. b5 axb5 12. Bxb5 O-O 13. Bc4 d5 14. Bb3 d4 15. Nc4
b5 16. Nd2 Ne5 17. c4 b4 18. h4 h6 19. f3 hxg5 20. fxg4 Nexg4 21. hxg5 Ne3 22.
Qb1 Nxg2+ 23. Ke2 Nh5 24. Nf1 Be5 25. Bd2 f6 26. Kd1 fxg5 27. Kc2 Qf6 28. Qd1
Qf3 29. Rxh5 Qxd1+ 30. Rxd1 gxh5 31. Bxg5 Rf2+ 32. Kb1 Rcf8 33. Nd2 Bf4 34. Be7
Rf7 35. Bxc5 Bxd2 36. Rxd2 Rxd2 37. Bc2 Ne3 38. Kb2 Rxc2+ 39. Kb3 Rc3+ 40. Kxb4
Nc2+ 41. Kb5 h4 42. Kc6 h3 43. Bd6 Rxd3 44. c5 Rc3 45. a4 d3 46. Be5 d2 47.
Bxc3 d1=Q 48. e5 Qd7+ 49. Kb6 Qb7+ 50. Ka5 Rf8 51. c6 Ra8# 0-1

[Event "ch-Paris op C"]
[Site "Paris (Halle Carpentier)"]
[Date "2008.07.01"]
[Round "4.9"]
[White "Morgan, Jacques"]
[Black "Elzoghlami, Mehdi"]
[Result "1/2-1/2"]
[WhiteElo "1370"]
[BlackElo "1500"]
[PlyCount "154"]
[EventDate "2008.06.28"]

1. d4 Nf6 2. c4 g6 3. Nc3 Bg7 4. Nf3 O-O 5. g3 d6 6. Bg2 Nbd7 7. O-O Re8 8. e4
e5 9. d5 Nc5 10. Re1 a5 11. Bg5 h6 12. Bh4 Bg4 13. Bxf6 Bxf6 14. h3 Bd7 15. Qd2
Bg7 16. Kh2 Kh7 17. Rh1 f5 18. Qc2 Qf6 19. Rae1 Kh8 20. Kg1 Qf7 21. Nd2 Rf8 22.
Qd1 fxe4 23. Ndxe4 Nxe4 24. Nxe4 Bf5 25. Rf1 g5 26. h4 g4 27. f3 Qg6 28. Qe2
gxf3 29. Rxf3 Bxe4 30. Qxe4 Qe8 31. Rxf8+ Qxf8 32. Kh2 Qe7 33. Qg6 Qf6 34. Qxf6
Bxf6 35. Rf1 Kg7 36. Be4 Rf8 37. Kh3 Be7 38. Rxf8 Bxf8 39. Kg4 Be7 40. Kf5 Kf7
41. Bf3 Bf6 42. Bh5+ Kg7 43. Ke6 e4 44. b3 Be5 45. g4 Bg3 46. g5 c6 47. gxh6+
Kxh6 48. Bd1 cxd5 49. Kxd5 e3 50. h5 Bh2 51. Ke4 Bg1 52. Kd5 Bh2 53. c5 dxc5
54. Kxc5 Bg1 55. Kb5 b6 56. Be2 Bf2 57. Kxb6 Be1 58. Kc5 Bb4+ 59. Kd4 Bd2 60.
a3 Kg5 61. Kc4 Kh6 62. b4 axb4 63. axb4 Bxb4 64. Kxb4 Kg5 65. Kc3 Kh6 66. Kd3
Kg5 67. Kxe3 Kh6 68. Kf4 Kg7 69. Kg5 Kh8 70. Kf6 Kg8 71. Bc4+ Kh8 72. Kf7 Kh7
73. Bd3+ Kh8 74. Ke8 Kg7 75. Be4 Kh8 76. h6 Kg8 77. h7+ Kh8 1/2-1/2

[Event "ch-Paris op C"]
[Site "Paris (Halle Carpentier)"]
[Date "2008.07.01"]
[Round "4.10"]
[White "Khechab, Michel"]
[Black "Portier, Pierre"]
[Result "1-0"]
[WhiteElo "1390"]
[BlackElo "1499"]
[PlyCount "63"]
[EventDate "2008.06.28"]

1. e4 e5 2. Nf3 Nc6 3. Bc4 Nf6 4. d3 h6 5. Nbd2 Bc5 6. h3 d6 7. O-O O-O 8. c3
a6 9. a4 Bd7 10. b4 Ba7 11. Bb3 Ne7 12. Bb2 Ng6 13. Nc4 b5 14. Na5 c6 15. d4
Nxe4 16. c4 Nf4 17. c5 Qf6 18. dxe5 Qg6 19. Nh4 Qg5 20. g3 Nxh3+ 21. Kh2 Bg4
22. f4 Qh5 23. Qe1 d5 24. Nxc6 Bf5 25. Ne7+ Kh7 26. Nexf5 g6 27. Kxh3 gxf5 28.
Bxd5 Rad8 29. Bxe4 fxe4 30. Qxe4+ f5 31. exf6+ Kh8 32. f7+ 1-0

[Event "ch-Paris op C"]
[Site "Paris (Halle Carpentier)"]
[Date "2008.07.01"]
[Round "4.11"]
[White "Sampaio, Victor"]
[Black "Martin, Madge"]
[Result "0-1"]
[WhiteElo "1350"]
[BlackElo "1480"]
[PlyCount "38"]
[EventDate "2008.06.28"]

1. d4 d5 2. Nc3 Bf5 3. Nf3 e6 4. Bf4 Nf6 5. Ne5 Nh5 6. Qd2 Bd6 7. h3 f6 8. g4
Nxf4 9. gxf5 fxe5 10. e3 Nh5 11. dxe5 Bxe5 12. fxe6 Nc6 13. f4 Bxc3 14. Qxc3
Qh4+ 15. Kd2 O-O-O 16. Kd3 d4 17. exd4 Qg3+ 18. Kd2 Qxf4+ 19. Ke1 Qe4+ 0-1

[Event "ch-Paris op C"]
[Site "Paris (Halle Carpentier)"]
[Date "2008.07.01"]
[Round "4.12"]
[White "Souchaud, Raymond"]
[Black "Caille, Hugo"]
[Result "1-0"]
[WhiteElo "1480"]
[BlackElo "1390"]
[PlyCount "65"]
[EventDate "2008.06.28"]

1. Nf3 e6 2. d4 d5 3. e3 Bd6 4. c4 c6 5. Qc2 Nf6 6. Nc3 b6 7. e4 dxe4 8. Nxe4
Nxe4 9. Qxe4 Bb7 10. Bd3 Qe7 11. O-O c5 12. Qe2 Qf6 13. Be4 Qe7 14. Re1 Nc6 15.
Bg5 Qd7 16. d5 exd5 17. Bf5+ Qe7 18. Bxe7 Nxe7 19. cxd5 Bxd5 20. Rad1 O-O 21.
Be4 Bxe4 22. Qxe4 Rad8 23. Ng5 g6 24. Rxd6 Rxd6 25. Qxe7 Rd5 26. Ne4 Rfd8 27.
Nf6+ Kg7 28. Nxd5 Rxd5 29. h3 Rd2 30. Qe5+ f6 31. Qc7+ Kf8 32. Qe7+ Kg8 33.
Qxf6 1-0

[Event "ch-Paris op C"]
[Site "Paris (Halle Carpentier)"]
[Date "2008.07.01"]
[Round "4.13"]
[White "Roux, Jean-Marie"]
[Black "Guillaume, Gerard"]
[Result "1-0"]
[WhiteElo "1470"]
[BlackElo "1390"]
[PlyCount "78"]
[EventDate "2008.06.28"]

1. e4 e6 2. d4 d5 3. exd5 exd5 4. Nf3 Nf6 5. Nc3 Bg4 6. Bd3 Bb4 7. Bd2 Qe7+ 8.
Qe2 Qxe2+ 9. Bxe2 O-O 10. Nb5 Bxd2+ 11. Kxd2 Ne8 12. h3 Be6 13. Rae1 a6 14. Nc3
Nd7 15. g4 f6 16. Rhg1 b5 17. a3 Rb8 18. Bxb5 axb5 19. Rxe6 Nb6 20. b3 Nd6 21.
Rge1 Rbe8 22. Rxe8 Rxe8 23. Rxe8+ Nxe8 24. Nxb5 Kf7 25. a4 Ke6 26. Nh4 g6 27.
Ke3 c6 28. Nc3 Nc7 29. f4 f5 30. Nf3 Na6 31. Ng5+ Ke7 32. Nxh7 Nb4 33. Kd2 Nd7
34. Ng5 fxg4 35. hxg4 Nf6 36. Nf3 Nxg4 37. a5 Kf6 38. Na2 Na6 39. Ne5 Nb8 1-0

[Event "ch-Paris op C"]
[Site "Paris (Halle Carpentier)"]
[Date "2008.07.01"]
[Round "4.14"]
[White "Buchner, David"]
[Black "Weintraub, Richard"]
[Result "1-0"]
[WhiteElo "1340"]
[BlackElo "1470"]
[PlyCount "89"]
[EventDate "2008.06.28"]

1. e4 e6 2. d4 d5 3. Nc3 Bb4 4. e5 c5 5. Nf3 Nc6 6. Bb5 Nge7 7. Bg5 Qb6 8. Bxe7
Bxc3+ 9. bxc3 Kxe7 10. Bxc6 bxc6 11. O-O Ba6 12. Re1 Bc4 13. a4 Raf8 14. Nd2
cxd4 15. Nxc4 dxc4 16. cxd4 f6 17. Qe2 Qxd4 18. Red1 Qc5 19. Qd2 Rd8 20. exf6+
gxf6 21. Qf4 Qe5 22. Qxe5 fxe5 23. Rxd8 Rxd8 24. Kf1 Kf6 25. Ke2 Rd4 26. Rb1 c3
27. Rd1 Rxa4 28. Rd7 Rd4 29. Rxh7 Rd2+ 30. Ke3 Rxc2 31. Rxa7 Rb2 32. Rc7 Kf5
33. Rxc6 Rb3 34. Kd3 e4+ 35. Ke2 Ke5 36. h4 Kf5 37. Rc5+ e5 38. h5 c2 39. Kd2
Kf4 40. Rxc2 e3+ 41. fxe3+ Rxe3 42. Rc4+ e4 43. Rc3 Rxc3 44. Kxc3 Kg5 45. g4
1-0